Ricostruisci la Carriera del Calciatore - Ashley Cole - Statistics

Statistiche generali
  • Questo quiz è stato fatto 18 volte
  • Il punteggio medio è 5 su 7
Statistiche sulle risposte
Hint Risposta % Corretto
2000 Crystal Palace
86%
2016-2019 LA Galaxy
79%
1999-2000 Arsenal
71%
2019 Derby County
71%
2006-2014 Chelsea
64%
2014-2016 Roma
64%
2000-2006 Arsenal
50%
Nessun quiz corrispondente trovato
Distribuzione punteggi
Percentuale di utenti per punteggio
Percentile per numero di risposta
I tuoi punteggi nel tempo
Non hai fatto questo quiz